Isela Vega : ¡viva Vega! /

Αποθηκεύτηκε σε:
Λεπτομέρειες βιβλιογραφικής εγγραφής
Κύριος συγγραφέας: Fiesco Trejo, Roberto (autor)
Συγγραφή απο Οργανισμό/Αρχή: Festival Internacional de Cine en Guadalajara
Μορφή: Πρακτικό Συνεδρίου Βιβλίο
Γλώσσα:Ισπανικά
Έκδοση: Guadalajara, México : Puerto Vallarta, México : Festival Internacional de Cine en Guadalajara ; Universidad de Guadalajara, Centro Universitario de la Costa, 2015, c2015
Θέματα:
Ετικέτες: Προσθήκη ετικέτας
Δεν υπάρχουν, Καταχωρήστε ετικέτα πρώτοι!

MARC

LEADER 00000nam^a2200000^a^4500
001 000354423
005 20260225161905.0
009 20260310115134.273
020 |a 978-607-96657-6-0 
037 |a Acervo ITESO - Biblioteca 
041 |a ESP 
082 |a 302. 23550972352  |b FICG 2015 HOM 
100 |a Fiesco Trejo, Roberto  |e (autor) 
240 1 1 |a [FICG] 
240 1 1 |a [FICG: publicaciones de homenajes y retrospectivas] 
240 1 1 |a [FICG 30] 
240 1 1 |a [Festival Internacional de Cine en Guadalajara] 
240 1 1 |a [Festival Internacional de Cine en Guadalajara: publicaciones de homenajes y retrospectivas] 
240 1 1 |a [Festival Internacional de Cine en Guadalajara 2015] 
245 1 0 |a Isela Vega :  |b ¡viva Vega! /  |c R. Fiesco Trejo. 
264 4 |a Guadalajara, México :  |b Festival Internacional de Cine en Guadalajara ;  |a Puerto Vallarta, México :  |b Universidad de Guadalajara, Centro Universitario de la Costa,  |c 2015, c2015 
300 |a 171 p. 
336 |a texto  |b txt  |2 rdacontenido 
337 |a sin mediación  |b n  |2 rdamedio 
338 |a volumen  |b nc  |2 rdasoporte 
586 |a Festival Internacional de Cine en Guadalajara (30°: 2015): Homenaje Cine Mexicano 
649 |a XX 
650 |a Actores Mexicanos -  |x Filmografías 
650 |a Actores Mexicanos -  |x Biografías 
650 |a Mujeres Mexicanas -  |x Biografías 
650 |a Cine Mexicano -  |x Historia y Crítica 
650 |a Cine Mexicano -  |y Siglo XX 
650 |a Vega, Isela -  |x Tema Principal 
711 |a Festival Internacional de Cine en Guadalajara (  |n 30° :  |d 2015 :  |c Guadalajara, México) 
910 |a Fondo General 
920 |a Impresos - Libros 
930 |a Reserva Especial 
905 |a 103 
901 |a 0500247254  |b IT1  |c REE  |i C145946  |u 20250521 
902 |a https://opac.biblio.iteso.mx/vufind/Record/000354423